[Event "ch-Commonwealth"]
[Site "Mumbai IND"]
[Date "2004.01.11"]
[Round "2"]
[White "Harikrishna,P"]
[Black "Sharma,D"]
[Result "1-0"]
[WhiteElo "2582"]
[BlackElo "2373"]

1.c4 e6 2.Nf3 d5 3.d4 c6 4.Qc2 Nf6 5.g3 Be7 6.Bg2 O-O 7.O-O b6 8.Rd1 Ba6
9.b3 Nbd7 10.Nbd2 Rc8 11.e4 c5 12.exd5 exd5 13.Nf1 cxd4 14.Nxd4 b5 15.Ne3 bxc4
16.Nxd5 cxb3 17.Nxe7+ Qxe7 18.Qxb3 Nc5 19.Qa3 Bb7 20.Nf5 Qe2 21.Be3 Bxg2
22.Kxg2 Rfe8 23.Nd6 Nce4 24.Nxc8 Rxc8  1-0

[Event "Excelsior Cup"]
[Site "Goteborg SWE"]
[Date "2004.01.14"]
[Round "7"]
[White "Marin,M"]
[Black "Meijers,V"]
[Result "0-1"]
[WhiteElo "2531"]
[BlackElo "2499"]

1.c4 e6 2.Nf3 d5 3.b3 Nf6 4.g3 Be7 5.Bg2 b6 6.O-O Bb7 7.Bb2 O-O 8.e3 c5 9.Nc3 Nc6
10.cxd5 Nxd5 11.Nxd5 Qxd5 12.d4 Qd8 13.dxc5 Bxc5 14.Ne5 Qxd1 15.Rfxd1 Na5
16.Bxb7 Nxb7 17.Rd7 Nd6 18.Rd1 Ne4 19.Nc6 a5 20.a3 Rfc8 21.Na7 Re8 22.Kg2 Bf8
23.Bd4 Bxa3 24.Nb5 Bf8 25.Nc7 Rad8 26.Bxb6 Rxd7 27.Rxd7 Rc8 28.Kf3 Nf6 29.Rd3 Bb4
30.e4 h5 31.h3 Rb8 32.Be3 Rb7 33.Na6 Be7 34.Rc3 Ba3 35.Bc5 Bb2 36.Rd3 Nd7
37.Bd6 Rb5 38.Bc7 Nf6 39.Bd6 g5 40.Nc7 g4+ 41.hxg4 hxg4+ 42.Ke3 Rb7 43.f4 gxf3
44.Kxf3 Kh7 45.Na6 Kg6 46.Nc5 Rb5 47.Na4 Ba1 48.Bf4 Nh7 49.Bd6 Ng5+ 50.Ke3 f6
51.Nc5 e5 52.Rd5 Rb4 53.Kd3 Bd4 54.Kc2 Rb6 55.Na4 Rb7 56.Bc5 Ne6 57.Bd6 Bf2
58.Rd3 Ng5 59.Nc3 Bd4 60.Ne2 Bf2 61.Nc3 Kh5 62.Rd5 Be1 63.Na4 Kg4 64.Nc5 Rh7
65.Kd3 Bxg3 66.Kc4 Bf2 67.Nd3 Be3 68.Rxa5 Nxe4 69.Nxe5+ fxe5 70.Bxe5 Nd2+
71.Kd3 Kf3 72.Bd6 Rf7 73.b4 Ne4 74.Re5 Rf6 75.Be7 Nf2+ 76.Kc4 Rf4+ 77.Kb5 Rg4
78.Bc5 Bf4 79.Re8 Ne4 80.Ka4 Rg5 81.Rf8 Rg6 82.Kb5 Nf6 83.Kc4 Ke4 84.Bd4 Nd7
85.Re8+ Ne5+ 86.Bxe5 Bxe5 87.b5 Rg1 88.b6 Rc1+ 89.Kb5 Kd5 90.b7 Rb1+ 91.Ka6 Bc7
92.Rc8 Kd6 93.b8=Q Bxb8 94.Rh8 Kd5 95.Ka5 Bc7+ 96.Ka4 Bb6 97.Rh4 Bd4  0-1

[Event "TCh-BEL 2003-4"]
[Site "Belgium BEL"]
[Date "2004.01.18"]
[Round "7"]
[White "Chabanon,JL"]
[Black "Blees,A"]
[Result "0-1"]
[WhiteElo "2449"]
[BlackElo "2389"]

1.c4 e6 2.Nf3 d5 3.g3 Nf6 4.Bg2 Be7 5.O-O O-O 6.d4 b6 7.Nc3 Bb7 8.Ne5 Na6
9.cxd5 exd5 10.Bg5 Ne4 11.Bf4 c5 12.Rc1 cxd4 13.Nb5 g5 14.Bd2 Bc5 15.b4 Nxb4
16.Bxb4 Bxb4 17.Rc7 Bd6 18.Rd7 Bxe5 19.Rxd8 Rfxd8 20.Qd3 Nc3 21.Bf3 Nxb5
22.Qxb5 Rac8 23.Kg2 Rc4 24.Qb1 Bc8 25.h3 Be6 26.Bg4 Rdc8 27.Bf5 Rc3 28.Bxh7+ Kg7
29.Bf5 Rh8 30.Bxe6 fxe6 31.Qb5 Kf6 32.Qa4 Rc7 33.h4 Rch7 34.hxg5+ Kxg5 35.f4+ Kg4
36.Kf2 Rh2+ 37.Ke1 Bd6 38.Qc6 d3 39.Kd2 dxe2 40.Re1 Bb4+ 41.Ke3 Bxe1  0-1

[Event "TCh-FRA Nat1 GpA"]
[Site "Evry FRA"]
[Date "2004.01.31"]
[Round "2"]
[White "Banikas,H"]
[Black "Payen,A"]
[Result "1/2-1/2"]
[WhiteElo "2514"]
[BlackElo "2386"]

1.c4 e6 2.Nf3 d5 3.d4 Nf6 4.Nc3 Be7 5.Bg5 h6 6.Bh4 O-O 7.e3 b6 8.Bd3 Bb7
9.O-O dxc4 10.Bxc4 Ne4 11.Bg3 Bd6 12.Rc1 Nxg3 13.hxg3 Nd7 14.Qe2 a6 15.Rfd1 Qe7
16.e4 Bb4 17.e5 Bxc3 18.Rxc3 Rfd8 19.Bd3 c5 20.Bb1 Rac8 21.Rdc1 a5 22.a3 Qe8
23.dxc5 Rxc5 24.Rxc5 Nxc5 25.b4 axb4 26.axb4 Na6 27.Be4 Bxe4 28.Qxe4 Qa4
29.Rb1 Rd5 30.Qe1 Qb5 31.Qc1 Qd7 32.Kh2 b5 33.Qa3 Qb7 34.Qe3 Nb8 35.Qe4 Nc6
36.Rc1 Qb6 37.g4 Ne7 38.Kg3 Qb8 39.Kh3 Ng6 40.Rc5  1/2-1/2

[Event "TCh-FRA Nat1 GpA"]
[Site "Nancy FRA"]
[Date "2004.01.31"]
[Round "2"]
[White "Adrian,C"]
[Black "Milliet,S"]
[Result "1-0"]
[WhiteElo "2318"]
[BlackElo "2326"]

1.c4 e6 2.Nf3 d5 3.d4 Nf6 4.g3 dxc4 5.Bg2 a6 6.O-O Nc6 7.Nc3 Rb8 8.e4 Be7
9.Qe2 b5 10.Rd1 Nb4 11.b3 cxb3 12.axb3 O-O 13.Bb2 Bb7 14.Ne5 c5 15.dxc5 Qc7
16.Ng4 Qxc5 17.Rac1 Qb6 18.Nxf6+ Bxf6 19.e5 Be7 20.Bxb7 Qxb7 21.Ne4 Nd5 22.Qg4 Kh8
23.Nd6 Bxd6 24.exd6 Rg8 25.Qh5 f6 26.Rd4 Rbd8 27.Rh4 g6 28.Qf3 Qf7 29.Rc7 Nxc7
30.Qxf6+ Qxf6 31.Bxf6+ Rg7 32.dxc7 Rd1+ 33.Kg2 Rc1 34.Rc4  1-0

[Event "TCh-FRA Nat1 GpB"]
[Site "Clichy FRA"]
[Date "2004.02.01"]
[Round "3"]
[White "Brunelliere,P"]
[Black "Lacrosse,M"]
[Result "1-0"]
[WhiteElo "2347"]
[BlackElo "2235"]

1.c4 e6 2.Nf3 d5 3.b3 Nf6 4.g3 Be7 5.Bg2 O-O 6.Bb2 c5 7.O-O Nc6 8.e3 b6 9.Qe2 Bb7
10.Rd1 dxc4 11.bxc4 Qc7 12.Nc3 a6 13.Rab1 Rab8 14.Ba1 Na7 15.a4 Nc6 16.Ne1 Rfd8
17.d3 Rd7 18.Rd2 Rbd8 19.Rbd1 Na5 20.Rb2 Bxg2 21.Kxg2 Nc6 22.f4 e5 23.fxe5 Nxe5
24.e4 Nc6 25.Nf3 Nd4 26.Nxd4 cxd4 27.Nd5 Nxd5 28.cxd5 Bc5 29.Rc2 Qe5 30.a5 f5
31.Rb1 Rd6 32.Qh5 g6 33.Qg5 Qe8 34.axb6 Bxb6 35.Qf4 Ba7 36.Rb7 R6d7 37.Rxd7 Rxd7
38.d6 fxe4 39.dxe4 Rxd6 40.Rc7 Rd7 41.Rxd7 Qxd7 42.Qf6 a5 43.h4 Qa4 44.Qe6+ Kg7
45.Qe7+ Kg8 46.Qd8+ Kg7 47.Qc7+ Kg8 48.Qc8+ Kg7 49.Qb7+ Kg8  1-0

[Event "TCh-SWE 2003-4"]
[Site "Malmo SWE"]
[Date "2004.02.07"]
[Round "7"]
[White "Bergstrom,Mag"]
[Black "Hedman,E"]
[Result "1/2-1/2"]
[WhiteElo "2285"]
[BlackElo "2318"]

1.c4 e6 2.Nf3 d5 3.g3 Nf6 4.Bg2 Be7 5.b3 c5 6.O-O Nc6 7.Bb2 d4 8.e3 e5 9.exd4 exd4
10.d3 Bf5 11.Re1 O-O 12.Ne5 Nxe5 13.Rxe5 Bg4 14.Qc2 Bd6 15.Re1 Qd7 16.Nd2 a5
17.Ne4 Nxe4 18.Bxe4 Rae8 19.f3 Bf5 20.Re2 Be6 21.Rae1 Re7 22.Kf2 Rfe8 23.f4 Bg4
24.Bf3 Bxf3 25.Rxe7 Rxe7 26.Rxe7 Bxe7 27.Kxf3 Qc6+ 28.Kf2 Qh1 29.Qe2 Qxh2+
30.Kf3 Qh1+ 31.Kf2 Bd6 32.Qf1 Qxf1+ 33.Kxf1 g5 34.fxg5 Bxg3 35.Bc1 f6 36.Kg2 Bh4
37.gxf6 Bxf6 38.Bf4 Bd8 39.Bd6 Bb6 40.Kh3 Kf7 41.Kg4 Ke6 42.Bf8 Ba7 43.Bh6 Bb8
44.a4 Bc7 45.Bg5 b6 46.Bh4 h6 47.Be1 Kf6 48.Bh4+ Kg6 49.Be7 h5+ 50.Kf3 Kf5
51.Bh4 Ke6 52.Ke4 Kd7 53.Kf5 Bd8 54.Bxd8 Kxd8 55.Kg5 Ke7 56.Kxh5 Kf6  1/2-1/2

[Event "Tringov mem Open"]
[Site "Plovdiv BUL"]
[Date "2004.02.17"]
[Round "3"]
[White "Dimitrov,V"]
[Black "Bratanov,Z"]
[Result "1/2-1/2"]
[WhiteElo "2456"]
[BlackElo "2398"]

1.c4 e6 2.Nf3 d5 3.d4 dxc4 4.e3 Nf6 5.Bxc4 c5 6.O-O Nc6 7.Qe2 cxd4 8.Rd1 Be7
9.Nxd4 Nxd4 10.exd4 Bd7 11.Nc3 Bc6 12.Bf4 O-O 13.Rd3 Re8 14.Be5 Nd7 15.Bg3 Bh4
16.Rad1  1/2-1/2

[Event "TCh-SWE 2003-4"]
[Site "Goteborg SWE"]
[Date "2004.02.28"]
[Round "8"]
[White "Callergard,R"]
[Black "Hjelm,N"]
[Result "1/2-1/2"]
[WhiteElo "2315"]
[BlackElo "2350"]

1.c4 e6 2.Nf3 d5 3.d4 dxc4 4.e3 Nf6 5.Bxc4 c5 6.O-O a6 7.b3 cxd4 8.Nxd4 Bd7
9.Bb2 Nc6 10.Nc3 Bc5 11.Nf3 O-O 12.Ng5 Ne5 13.Nce4 Nxe4 14.Nxe4 Nxc4 15.bxc4 b6
16.Qh5 Be7 17.Rfd1 f6 18.Rac1 Qe8 19.Qg4 Ra7 20.c5 e5 21.Qe2 Bxc5 22.Nxc5  1/2-1/2

[Event "ch-BRA"]
[Site "Rio de Janeiro BRA"]
[Date "2004.03.01"]
[Round "7"]
[White "Teixeira,Ri"]
[Black "Disconzi da Silva,R"]
[Result "1/2-1/2"]
[WhiteElo "2368"]
[BlackElo "2367"]

1.c4 e6 2.Nf3 d5 3.d4 Nf6 4.g3 c6 5.Bg2 Bb4+ 6.Nbd2 dxc4 7.O-O b5 8.a4 Bb7
9.Qc2 O-O 10.e4 Nbd7 11.e5 Nd5 12.Ne4 h6 13.h4 Re8 14.g4 Nf8 15.g5 h5 16.Ng3 g6
17.Ne4 a6 18.Nf6+ Nxf6 19.gxf6 c5 20.Bd2 Bxf3 21.Bxf3 Qxd4 22.Bxb4 cxb4 23.Bxa8 Rxa8
24.Rfe1 Qg4+ 25.Kf1 Qh3+ 26.Kg1  1/2-1/2

[Event "TCh-BEL2 2003-4"]
[Site "Belgium BEL"]
[Date "2004.03.23"]
[Round "11"]
[White "Tonoli,W"]
[Black "Feygin,M"]
[Result "0-1"]
[WhiteElo "2210"]
[BlackElo "2491"]

1.c4 e6 2.Nf3 d5 3.b3 Nf6 4.g3 a5 5.Bg2 a4 6.O-O axb3 7.Qxb3 Nc6 8.cxd5 exd5
9.Ba3 Bxa3 10.Nxa3 O-O 11.d4 Bg4 12.e3 Ne4 13.Nb1 Qd6 14.Rc1 Ra7 15.Nfd2 Na5
16.Qc2 Nxd2 17.Nxd2 b6 18.Nb3 Nc4 19.Bf1 Be6 20.Nd2 b5 21.Nb3 Rfa8 22.Nc5 Ra3
23.Rcb1 c6 24.Rb3 g6 25.Rxa3 Rxa3 26.Bd3 Bh3 27.Qc1 Qf6 28.Bf1 Bxf1 29.Qxf1 Qf3
30.Qh3 Nd2 31.Qc8+ Kg7 32.Qxc6 Rxa2 33.Rxa2 Qd1+ 34.Kg2 Qf1+  0-1

[Event "IV Open"]
[Site "Dos Hermanas ESP"]
[Date "2004.03.28"]
[Round "4"]
[White "Matamoros Franco,C"]
[Black "Barrenechea Bahamonde,G"]
[Result "1-0"]
[WhiteElo "2490"]
[BlackElo "2131"]

1.c4 e6 2.Nf3 d5 3.d4 c5 4.cxd5 exd5 5.g3 Nc6 6.Bg2 c4 7.O-O Bb4 8.b3 cxb3
9.Qxb3 Nge7 10.Nc3 O-O 11.Rd1 Bf5 12.Ne5 Qa5 13.Nxd5 Nxd5 14.Bxd5 Nxe5 15.dxe5 Rac8
16.e4 Bg4 17.Rd3 Be2 18.Re3 Ba6 19.e6 Bc5 20.exf7+ Kh8 21.Bb2 Qd2 22.Qc3 Qxc3
23.Rxc3  1-0

[Event "It"]
[Site "Pinamar ARG"]
[Date "2004.03.30"]
[Round "7"]
[White "Giardelli,S"]
[Black "Szmetan,R"]
[Result "0-1"]
[WhiteElo "2445"]
[BlackElo "2311"]

1.c4 e6 2.Nf3 d5 3.Qc2 Nf6 4.b3 Be7 5.Bb2 O-O 6.e3 c5 7.a3 Nc6 8.Bd3 d4 9.exd4 Nxd4
10.Nxd4 cxd4 11.O-O e5 12.Re1 Bd6 13.g3 Qd7 14.Bf1 Qf5 15.d3 Qh5 16.Nd2 Ng4
17.Nf3 f6 18.Bg2 g5 19.Qe2 Qg6 20.Nd2 h5 21.Be4 f5 22.Bd5+ Kh7 23.Nf3 f4
24.h3 fxg3 25.hxg4 hxg4 26.fxg3 gxf3 27.Bxf3 g4 28.Be4 Bf5 29.c5 Bxc5 30.b4 Bd6
31.Qh2+ Kg7  0-1

[Event "ch-ISL"]
[Site "Reykjavik ISL"]
[Date "2004.04.01"]
[Round "1.1"]
[White "Johannesson,I"]
[Black "Thorhallsson,T"]
[Result "0-1"]
[WhiteElo "2302"]
[BlackElo "2459"]

1.c4 e6 2.Nf3 d5 3.e3 Nf6 4.Nc3 c6 5.Qc2 Nbd7 6.b3 Bd6 7.Bb2 Qe7 8.Be2 O-O
9.Rg1 Ba3 10.g4 Bxb2 11.Qxb2 a6 12.g5 Ne8 13.O-O-O dxc4 14.Bxc4 b5 15.Bd3 Bb7
16.Qc2 g6 17.h4 c5 18.Be4 Bxe4 19.Nxe4 c4 20.h5 cxb3 21.Qxb3 Rc8+ 22.Kb1 Nc5
23.Nxc5 Qxc5 24.Rg3 Ng7 25.hxg6 fxg6 26.Nd4 Rxf2 27.Nxe6 Qf5+  0-1

[Event "6th Foxwoods Open"]
[Site "Connecticut USA"]
[Date "2004.04.08"]
[Round "2"]
[White "Stripunsky,A"]
[Black "Ippolito,D"]
[Result "1/2-1/2"]
[WhiteElo "2553"]
[BlackElo "2381"]

1.c4 e6 2.Nf3 d5 3.e3 Nf6 4.d4 a6 5.Qc2 c5 6.cxd5 Nxd5 7.a3 Qc7 8.dxc5 Bxc5
9.Bd3 Bd6 10.Qxc7 Nxc7 11.Nbd2 b5 12.Ne4 Be7 13.Bd2 Nd7 14.Bc3 f6 15.O-O Nd5
16.Ba5 Bb7 17.Rac1  1/2-1/2

[Event "6th Foxwoods Open"]
[Site "Connecticut USA"]
[Date "2004.04.08"]
[Round "3"]
[White "Ibragimov,I"]
[Black "Pruess,D"]
[Result "1-0"]
[WhiteElo "2556"]
[BlackElo "2376"]

1.c4 e6 2.Nf3 d5 3.d4 c6 4.Qc2 Nd7 5.cxd5 exd5 6.Bf4 Ngf6 7.Nc3 Be7 8.h3 O-O
9.e3 Ne4 10.Bd3 Ndf6 11.O-O Bf5 12.Ne5 Qc8 13.f3 Nd6 14.e4 Be6 15.Rfe1 g6
16.Bh2 Re8 17.Kh1 Bf8 18.Re2 Qd8 19.Qd2 Nh5 20.g4 Ng7 21.Rae1 f6 22.exd5 cxd5
23.Nxg6 hxg6 24.Bxg6 Bf7 25.Bb1 Rxe2 26.Rxe2 f5 27.Rg2 Qh4 28.gxf5 Re8 29.Rg4 Qxh3
30.Qf2 Qh6 31.f6 Qxf6 32.Be5 Rxe5 33.dxe5 Qxe5 34.f4 Qf6 35.Qh2 Nf5 36.Rg5 Be6
37.Nb5 Bc5 38.Nc7 Bd7 39.Nxd5 Qd4 40.Qg2 Bc6 41.Bxf5 Bxd5 42.Bh7+ Kxh7 43.Rxd5 Qe3
44.Qc2+ Kh6 45.Rxc5 Qe1+ 46.Kg2 Ne6 47.Rc4 Qe3 48.Qf2 Qd3 49.Qh4+  1-0

[Event "2nd Nabokov Mem"]
[Site "Kiev UKR"]
[Date "2004.04.18"]
[Round "8"]
[White "Zakharchenko,A"]
[Black "Galinsky,T"]
[Result "1/2-1/2"]
[WhiteElo "2362"]
[BlackElo "2416"]

1.c4 e6 2.Nf3 d5 3.d4 Nf6 4.Nc3 Be7 5.cxd5 exd5 6.Bg5 O-O 7.e3 c6 8.Qc2 Nbd7
9.Bd3 Re8 10.O-O h6 11.Bf4 Nf8 12.h3 Bd6 13.Bxd6 Qxd6 14.a3 a6 15.b4 Be6
16.Na4 Ne4 17.Nc5 Nxc5 18.bxc5 Qe7 19.Rab1 Rad8 20.Rb2 Bc8 21.Bf5 Ne6 22.Qb1 g6
23.Bd3 Kg7 24.Ne5 Nxc5 25.Bxg6 fxg6 26.Qxg6+ Kf8 27.Qxh6+ Qg7 28.Qxg7+ Kxg7
29.Nxc6 bxc6 30.dxc5 Bf5 31.Rb6 Bd3 32.Rc1 Bb5 33.a4 Bxa4 34.Rxa6 Bb5 35.Ra7+ Kf6
36.Rca1 Re4 37.Rh7 Ra4 38.Rxa4 Bxa4 39.Rb7 Bc2 40.Rb4 Re8 41.Rb6 Ba4 42.Rb4 Bc2
43.Rb6 Ba4  1/2-1/2

[Event "7th St Quentin Open"]
[Site "Elancourt FRA"]
[Date "2004.04.25"]
[Round "9"]
[White "Velikov,P"]
[Black "Ghane,S"]
[Result "0-1"]
[WhiteElo "2444"]
[BlackElo "2361"]

1.c4 e6 2.Nf3 d5 3.g3 Nf6 4.Bg2 Be7 5.O-O O-O 6.b3 c6 7.d4 b5 8.c5 b4 9.Bb2 Ba6
10.Nbd2 Nbd7 11.Re1 Ne8 12.e4 Nc7 13.Qc2 Re8 14.Rad1 Nb5 15.exd5 exd5 16.Ne5 Nxe5
17.dxe5 Qa5 18.Re3 Nc7 19.Bd4 Ne6 20.Nf3 Nxd4 21.Nxd4 Bxc5 22.Ree1 Qb6 23.Nf5 Bc8
24.Rc1 Bxf5 25.Qxc5 Qxc5 26.Rxc5 Bd7 27.h4 a5 28.Kh2 Re7 29.f4 a4 30.Bh3 axb3
31.Bxd7 bxa2 32.Bxc6 a1=Q 33.Rxa1 Rxa1 34.Rxd5 g6 35.Rd8+ Kg7 36.Rb8 Ra2+
37.Kh3 Rb2 38.Bd5 Rd2 39.Be4 Rd4 40.Bf3 h5  0-1

[Event "Corsica Hotels Masters"]
[Site "Bastia FRA"]
[Date "2004.04.29"]
[Round "6"]
[White "Sulava,N"]
[Black "Trabert,B"]
[Result "1/2-1/2"]
[WhiteElo "2478"]
[BlackElo "2277"]

1.c4 e6 2.Nf3 d5 3.d4 c6 4.Bg5 Be7 5.Bxe7 Qxe7 6.e3 Nf6 7.Nc3 Nbd7 8.Qc2 O-O
9.cxd5 exd5 10.Bd3 Re8 11.O-O Ne4 12.b4 Ndf6 13.Rab1 Nxc3 14.Qxc3 Ne4 15.Qc2 a6
16.a4 Bf5 17.Rb3 Rec8 18.Rfb1 g6 19.Rc1 Nd6 20.Bxf5 Nxf5 21.Ne5 Nd6 22.a5 f6
23.Nd3 Kg7 24.Re1 Re8 25.Nc5 f5 26.f3 Qh4 27.g3 Qf6 28.Kg2 Re7 29.Nd3 Rae8
30.Ne5 Nf7 31.f4 Nd6 32.h3 Ne4 33.Kh2 h5 34.Rg1 Rh8 35.Rbb1 Qd6 36.Rg2 Qf6
37.Qb2 Qd6 38.Rh1 Kg8 39.Kg1 Reh7 40.Rhh2 Kg7 41.Kf1 Qe7 42.Ke2 Qd6 43.Kd3 Qe7
44.Kc2 Qd6 45.Kb3 Rb8 46.Qc2 Rbh8 47.Rh1 Rf8 48.Rf1 Rf6 49.Rc1 Rh8 50.Ka3 Rh7
51.Qd1 Rh8 52.Qg1 Rh7 53.Rcc2 Rf8 54.Rh2 Rfh8 55.Rhg2 Rf8 56.Rh2 Rfh8 57.Rhg2 Rf8  1/2-1/2

[Event "FSIM May"]
[Site "Budapest HUN"]
[Date "2004.05.03"]
[Round "3"]
[White "Kolbus,D"]
[Black "Poulsen,Ma"]
[Result "1/2-1/2"]
[WhiteElo "2296"]
[BlackElo "2290"]

1.c4 e6 2.Nf3 d5 3.g3 Nf6 4.Bg2 Be7 5.O-O O-O 6.d4 dxc4 7.Qa4 a6 8.Qxc4 b5
9.Qc2 Bb7 10.Bd2 Nc6 11.e3 Nb4 12.Bxb4 Bxb4 13.Nbd2 Rc8 14.a3 Bxd2 15.Qxd2 c5
16.Rfd1 Qb6 17.dxc5 Rxc5 18.Rac1 Rd5 19.Qe2 Rxd1+ 20.Rxd1 Rc8 21.Ne5 Bxg2
22.Kxg2 h6 23.Kg1 Qc7 24.Nd3 Qc2 25.Kf1 Qc6 26.Kg1 Qc2 27.Kf1 Qc6 28.Kg1 Qe4
29.Ne1 Qc6 30.Nd3 Qc2  1/2-1/2

[Event "Karadjordje-Serbia"]
[Site "Topola SCG"]
[Date "2004.05.08"]
[Round "5"]
[White "Ruck,R"]
[Black "Pavasovic,D"]
[Result "1/2-1/2"]
[WhiteElo "2556"]
[BlackElo "2591"]

1.c4 e6 2.Nf3 d5 3.d4 Nf6 4.g3 dxc4 5.Bg2 c6 6.Ne5 Bb4+ 7.Bd2 Qxd4 8.Bxb4 Qxe5
9.Na3 b5 10.f4 Qc7 11.Nxb5 cxb5 12.Bxa8 Bb7 13.Bxb7 Qxb7 14.O-O Qb6+ 15.Kh1 Nc6
16.Bc3 O-O 17.Bxf6 gxf6 18.e4 Nb4 19.Qg4+ Kh8 20.a4 Nd3 21.Qh4 Qd4 22.e5 Qe4+
23.Kg1 fxe5 24.Qf6+ Kg8 25.axb5 Qe3+ 26.Kg2 Qe2+ 27.Kg1 Qe3+ 28.Kg2 Qe2+  1/2-1/2

[Event "Karadjordje-Serbia"]
[Site "Topola SCG"]
[Date "2004.05.12"]
[Round "9"]
[White "Ruck,R"]
[Black "Todorovic,GM"]
[Result "1/2-1/2"]
[WhiteElo "2556"]
[BlackElo "2548"]

1.c4 e6 2.Nf3 d5 3.d4 c5 4.cxd5 exd5 5.Nc3 Nc6 6.g3 Nf6 7.Bg2 Be7 8.O-O O-O
9.Bg5 cxd4 10.Nxd4 h6 11.Be3 Re8 12.Rc1 Bg4 13.h3 Be6 14.Kh2 Qd7 15.Qc2 Rac8
16.Rfd1 Red8 17.a3 Bd6 18.Nxc6 bxc6 19.Bd4 Nh7 20.b4 h5 21.h4 a5  1/2-1/2

[Event "22nd LIE-Open"]
[Site "Triesen LIE"]
[Date "2004.05.19"]
[Round "6"]
[White "Rotstein,A"]
[Black "Muir,A"]
[Result "1-0"]
[WhiteElo "2517"]
[BlackElo "2335"]

1.c4 e6 2.Nf3 d5 3.g3 Nf6 4.Bg2 Be7 5.O-O O-O 6.d4 dxc4 7.Qc2 a6 8.Qxc4 b5
9.Qc2 Bb7 10.Bd2 Nc6 11.e3 Nb4 12.Bxb4 Bxb4 13.a3 Be7 14.Nbd2 Rc8 15.b4 a5
16.Qb2 axb4 17.axb4 Qd6 18.Rab1 Ra8 19.Ne5 Bxg2 20.Kxg2 Ra4 21.Nd3 Nd5 22.Kg1 Rfa8
23.Ne4 Qb6 24.Nc3 Nxc3 25.Qxc3 Bd6 26.Rfc1 g6 27.Rc2 Ra3 28.Qd2 Qb7 29.Rbc1 Qe4
30.Nc5 Bxc5 31.Rxc5 Ra2 32.Qd1 Rb2 33.Re5 Qb7 34.Rb1 Rxf2 35.Kxf2 Ra2+ 36.Qe2 Rxe2+
37.Kxe2 Qg2+ 38.Kd3 Qa2 39.Rc1 Qb3+ 40.Ke4 Qxb4 41.Rec5 Qb2 42.R5c2 Qb3 43.Rxc7 b4
44.Rd7 Qb2 45.Rcc7 Qb1+ 46.Ke5 Qf5+ 47.Kd6 b3 48.Rb7 Kg7 49.g4 Qf3 50.h4 b2
51.Ke7 b1=Q 52.Rxb1 Qxe3 53.Ke8 Qa3 54.Rxf7+ Kg8 55.Rb8 Qd6 56.Rd8 Qb4 57.g5 Qa3
58.Rc7 Qa6 59.Ke7+ Kg7 60.Rd6 Qa5 61.Kxe6+  1-0

[Event "Coupe de France"]
[Site "Clichy FRA"]
[Date "2004.05.22"]
[Round "4"]
[White "David,Alb"]
[Black "Sermier,G"]
[Result "1-0"]
[WhiteElo "2580"]
[BlackElo "2376"]

1.c4 e6 2.Nf3 d5 3.g3 Nf6 4.Bg2 Be7 5.O-O O-O 6.d4 dxc4 7.Qc2 a6 8.a4 Nbd7
9.Nbd2 b6 10.Ng5 Rb8 11.Nxc4 h6 12.Nf3 Bb7 13.Bf4 Rc8 14.Rfd1 Be4 15.Qb3 Bd5
16.Nfe5 Qe8 17.Nc6 Bxg2 18.Kxg2 Nd5 19.Rac1 Nxf4+ 20.gxf4 Nf6 21.Qf3 Nd5
22.Ne3 Nb4 23.b3 Nxc6 24.Qxc6 Bd6 25.Qxe8 Rfxe8 26.Kf3 Kf8 27.h4 h5 28.Rc6 g6
29.Rdc1 Ke7 30.Nc4 Kd7 31.Rxd6+  1-0

[Event "TCh-NOR Final"]
[Site "Trondheim NOR"]
[Date "2004.05.22"]
[Round "4"]
[White "Madsen,D"]
[Black "Moen,S"]
[Result "1/2-1/2"]
[WhiteElo "2287"]
[BlackElo "2157"]

1.Nf3 e6 2.c4 d5 3.d4 c6 4.Qc2 Nf6 5.g3 Be7 6.Bg2 O-O 7.Nbd2 Nbd7 8.O-O b6
9.e4 Bb7 10.b3 Rc8 11.Bb2 c5 12.e5 Ne8 13.cxd5 cxd4 14.Qb1 Bxd5 15.Bxd4 Nc7
16.a4 Na6 17.Rc1 Rxc1+ 18.Qxc1 Qb8 19.Qf1 Nb4 20.Rc1 Nc6 21.Qe2 Ba3 22.Rc2 Nxd4
23.Nxd4 Bxg2 24.Kxg2 Nxe5 25.f4 Bc5 26.Nb5 Nc6 27.Qe4 Nb4 28.Rc4 Rd8 29.Nf1 Nd5
30.b4 Bf8 31.Kf3 Nf6 32.Qc6 a6 33.Nc3 Rd6 34.Qc8 Qxc8 35.Rxc8 Rd4 36.b5 axb5
37.axb5 Nd5 38.Ne4 Rb4 39.Nd6 Rb3+ 40.Ke2 Nc3+ 41.Kd2 Nxb5 42.Nc4 g6 43.Nxb6 Kg7
44.Nc4 Bb4+ 45.Ke2 Rc3 46.Nfe3 Nd4+ 47.Kf1 Nf5 48.Nxf5+ gxf5 49.Rc6 Rc2 50.Ne5 Rxc6
51.Nxc6 Bc5  1/2-1/2

[Event "TCh-NOR Final"]
[Site "Trondheim NOR"]
[Date "2004.05.23"]
[Round "5"]
[White "Ostenstad,B"]
[Black "Gausel,E"]
[Result "0-1"]
[WhiteElo "2492"]
[BlackElo "2520"]

1.c4 e6 2.Nf3 d5 3.d4 c6 4.e3 Nf6 5.Bd3 dxc4 6.Bxc4 Nbd7 7.O-O Bd6 8.Nc3 b5
9.Bd3 O-O 10.a3 a5 11.e4 e5 12.Bg5 exd4 13.Nxd4 Ne5 14.Be2 Bc5 15.Nf3 Qe7
16.Qc1 Nxf3+ 17.Bxf3 Bd6 18.Re1 Be5 19.Ne2 Qc7 20.g3 Bb7 21.Bg2 Nd7 22.Be3 c5
23.f4 Bf6 24.Nd4 Bxd4 25.Bxd4 Rfe8 26.Qc2 Rac8 27.Rac1 Qb8 28.Bf2 c4 29.Bh3 Rcd8
30.e5 Qc7 31.b3 Qc6 32.Kf1 Qh1+ 33.Bg1 Nc5 34.bxc4 Nd3 35.e6 Qf3+ 36.Bf2 fxe6
37.Re3 Qh1+ 38.Bg1 Nxc1 39.Qxc1 Qc6 40.c5  0-1

[Event "Mitropa Cup"]
[Site "Zemplinska Sirava SVK"]
[Date "2004.05.30"]
[Round "2"]
[White "Contin,D"]
[Black "Ragger,M"]
[Result "0-1"]
[WhiteElo "2401"]
[BlackElo "2365"]

1.c4 e6 2.Nf3 d5 3.b3 Be7 4.Bb2 Bf6 5.Nc3 c5 6.e3 Nc6 7.cxd5 exd5 8.Bb5 Ne7
9.Qc1 O-O 10.Na4 Bxb2 11.Qxb2 b6 12.d4 cxd4 13.Bxc6 Nxc6 14.Nxd4 Nxd4 15.Qxd4 Qg5
16.O-O-O Bf5 17.Nc3 Rac8 18.Kb2 Qxg2 19.e4 Rxc3 20.Rhg1 Rd3 21.Rxg2 Rxd4
22.Rxd4 dxe4 23.Rg3 Re8 24.Rc3 h5 25.Rc7 e3 26.fxe3 Rxe3 27.Rd8+ Kh7 28.Rxf7 Re2+
29.Kc1 Rc2+ 30.Kd1 Bg6 31.Rff8 Be4 32.Rf4 Bg6 33.Rff8 Be4 34.Rf4 Bg6 35.Rd2 Rc7
36.h4 Be8 37.Rf8 Bd7 38.Ke2 Bg4+ 39.Kf2 Rc3 40.Rf7 Rh3 41.Rxa7 Rh2+ 42.Ke3 Rxh4
43.Rb7 Rh3+ 44.Kd4 Rf3 45.Rxb6 h4 46.Rc6 Rf4+ 47.Ke3 Rf3+ 48.Ke4 h3 49.b4 Rf7
50.Rc3 g5 51.b5 Re7+ 52.Kd4 Rd7+ 53.Ke3 Rxd2 54.Kxd2 h2 55.Rc1 Bf3 56.a4 h1=Q
57.Rxh1+ Bxh1 58.a5 Bd5 59.Kc3 g4 60.Kd4 Bg2 61.Ke3 Kg6 62.Ke2 Bd5 63.Kd3 g3
64.Kd4 g2 65.Kxd5 g1=Q 66.Kc6 Qa7 67.a6 Kf6  0-1

[Event "TCh-BIH"]
[Site "Neum BIH"]
[Date "2004.06.03"]
[Round "6"]
[White "Kurajica,B"]
[Black "Feletar,D"]
[Result "1-0"]
[WhiteElo "2540"]
[BlackElo "2395"]

1.c4 e6 2.Nf3 d5 3.g3 Nf6 4.Bg2 dxc4 5.Qa4+ c6 6.Qxc4 b5 7.Qc2 Bb7 8.O-O Nbd7
9.b3 c5 10.Bb2 Be7 11.d3 O-O 12.Nbd2 a6 13.Rac1 Rc8 14.Qb1 Qb6 15.Rc2 Rfd8
16.Rfc1 h6 17.Qa1 Bf8 18.a3 Qa7 19.Ne1 Bxg2 20.Nxg2 Qb7 21.Nf3 Qa8 22.Ne3 Bd6
23.Ne5 Bf8 24.Nxd7 Nxd7 25.Nf1 Qb7 26.Nd2 Rc7 27.Bc3 Rc6 28.Nf3 Rcc8 29.Ba5 Re8
30.d4 Bd6 31.dxc5 Bxc5 32.Ne5 Bd6 33.Nxd7 Qxd7 34.Qd4 Rxc2 35.Rxc2 e5 36.Qd5 Qe6
37.e4 Bxa3 38.b4 h5 39.Qd3 Bxb4 40.Bxb4 h4 41.Kg2 hxg3 42.hxg3 Rc8 43.Rxc8+ Qxc8
44.Qd5 Qb8 45.Bd6 Qb6 46.Bxe5 b4 47.Bd4 Qb8 48.Qg5 Qf8 49.Qe5 b3 50.Bb2 f6
51.Qd5+ Qf7 52.Kf3  1-0

[Event "National Open"]
[Site "Las Vegas USA"]
[Date "2004.06.19"]
[Round "3"]
[White "Ginsburg,M"]
[Black "Serper,G"]
[Result "1/2-1/2"]
[WhiteElo "2364"]
[BlackElo "2544"]

1.c4 e6 2.Nf3 d5 3.b3 Be7 4.Bb2 Bf6 5.Nc3 c5 6.g3 Nc6 7.Bg2 Nge7 8.O-O O-O
9.Na4 Bxb2 10.Nxb2 e5 11.cxd5 Nxd5 12.Qc2 b6 13.Nc4 Re8 14.e3 Bg4 15.h3 Bh5
16.a3 e4 17.Nh4 Be2 18.Bxe4 Bxf1 19.Rxf1 g6 20.Bg2 Qd7 21.f4 Rad8 22.Nf3 Nde7
23.Rf2 f6 24.g4  1/2-1/2

[Event "TCh-CRO"]
[Site "Rabac CRO"]
[Date "2004.06.24"]
[Round "5"]
[White "Rukavina,J"]
[Black "Kovacevic,Vlat"]
[Result "1-0"]
[WhiteElo "2416"]
[BlackElo "2507"]

1.c4 e6 2.Nf3 d5 3.b3 f5 4.Bb2 Nf6 5.g3 Be7 6.Bg2 O-O 7.O-O c6 8.d3 a5 9.a3 Na6
10.Qc2 Bd7 11.Nbd2 b5 12.Ne5 b4 13.a4 Rc8 14.e4 f4 15.Ndf3 fxg3 16.hxg3 Nc5
17.Nd4 dxe4 18.dxe4 Qe8 19.Rad1 Bd8 20.Rfe1 Bb6 21.Bf3 Qe7 22.Rd2 Be8 23.Qd1 Qc7
24.Ng4 Nxg4 25.Bxg4 Qf7 26.Nf3 Qg6 27.Ne5 Qh6 28.Bd4 Rd8 29.Be3 Rxd2 30.Bxd2 Qf6
31.Nf3 h5 32.e5 Qf7 33.Bh3 Qxf3 34.Be3 Qxd1 35.Rxd1 Bf7 36.Bg2 Rc8 37.Rd6 Nxa4
38.bxa4 Bxe3 39.fxe3 b3 40.Be4 g5 41.c5 b2 42.Bb1 Kg7 43.Kf2 Rc7 44.e4 Kf8
45.Rd8+ Be8 46.Rb8 Rd7 47.Ke3 Rd1 48.Rxb2 Rc1 49.Kd4 Rg1 50.Ba2 Ke7 51.Rb8 Rxg3
52.Bxe6 h4 53.Bf5 h3 54.Rb7+ Kf8 55.Rh7 g4 56.e6 Kg8 57.Rh4 Rg2 58.Ke5 h2
59.Kf6 g3 60.Bh7+ Kh8 61.Bg6+ Kg8 62.Bf7+  1-0

[Event "TCh-CRO"]
[Site "Rabac CRO"]
[Date "2004.06.26"]
[Round "8"]
[White "Ramesa,D"]
[Black "Jovanic,O"]
[Result "0-1"]
[WhiteElo "2143"]
[BlackElo "2435"]

1.c4 e6 2.Nf3 d5 3.b3 Nf6 4.g3 d4 5.Bg2 c5 6.O-O Nc6 7.e3 Bd6 8.exd4 cxd4
9.d3 O-O 10.Na3 e5 11.Nc2 Re8 12.Bg5 h6 13.Bxf6 Qxf6 14.Nd2 Qg6 15.Rb1 a5
16.a3 Bg4 17.Bf3 h5 18.Ne4 Bf8 19.Bxg4 hxg4 20.f3 f5 21.Nd2 gxf3 22.Qxf3 e4
23.Qxf5 Qxf5 24.Rxf5 exd3 25.Ne1 g6 26.Rf6 Re2 27.Rd1 Ne5 28.Ndf3 Bg7 29.Rb6 Nxf3+
30.Nxf3 Bh6 31.Rxg6+ Kh7 32.Rxh6+ Kxh6 33.Nxd4 Ra2 34.Rxd3 Re8 35.Nf5+ Kg6
36.Nh4+ Kh5 37.Rd5+ Kg4 38.Rd4+ Kh5 39.Rd5+ Kh6 40.Rd6+ Kh7 41.Rd7+ Kg8 42.Nf3 Ree2
43.Rd1 Rg2+ 44.Kh1 Rgf2 45.Nh4 Rxh2+ 46.Kg1 Rhb2 47.Nf5 Rxb3 48.g4 Rbb2 49.c5 Rxa3
50.g5 Kf7  0-1